[Event "NEP-ch"]
[Site "Kathmandu"]
[Date "2023.04.22"]
[Round "7"]
[White "Chaulagain, Purushottam"]
[Black "Lama, Surbir"]
[Result "0-1"]
[WhiteElo "1982"]
[BlackElo "1993"]
[PlyCount "134"]
[EventDate "2023.04.18"]
[EventType "tourn"]
[EventRounds "9"]
[EventCountry "NEP"]
[SourceTitle "EXT 2024"]
[Source "ChessBase"]
[SourceDate "2023.10.10"]
[SourceVersion "1"]
[SourceVersionDate "2023.10.10"]
[SourceQuality "1"]

1. d4 Nf6 2. Nf3 g6 3. Bf4 c5 4. d5 d6 5. Nc3 a6 6. a4 Bg7 7. e4 Bg4 8. h3 Bxf3 9. Qxf3 Nbd7 10. Be2 0-0 11. 0-0 b6 12. Qe3 Qc7 13. Bh6 c4 14. Bxg7 Kxg7 15. g4 h6 16. f4 Rfc8 17. Kg2 Qc5 18. Qxc5 Rxc5 19. Bf3 Re8 20. h4 g5 21. fxg5 hxg5 22. h5 Ne5 23. Kg3 e6 24. Rad1 Rd8 25. Rd2 b5 26. axb5 axb5 27. dxe6 fxe6 28. Rfd1 Nf7 29. Ne2 Kf8 30. Nd4 Ke7 31. Ra1 c3 32. b4 Rc4 33. Rdd1 Ne5 34. Ra3 Rb8 35. Ra7+ Nfd7 36. Ra3 Rf8 37. Be2 Rxb4 38. Rxc3 Nc5 39. Re3 Rf4 40. h6 Rxe4 41. Rxe4 Nxe4+ 42. Kg2 Nf6 43. Kg3 Ra4 44. Bxb5 Ra3+ 45. Bd3 Nxd3 46. cxd3 Ra4 47. Nf3 Rxg4+ 48. Kh3 Kf7 49. Ra1 Kg6 50. Ra6 Rf4 51. Kg2 g4 52. Ne1 Rd4 53. Ra3 Kxh6 54. Nc2 Rd5 55. Ne3 Rd4 56. Nc2 Rf4 57. Ra6 Ne8 58. Ra8 Ng7 59. Ne3 d5 60. Rh8+ Kg6 61. Rg8 Kf7 62. Rh8 Nf5 63. Nd1 g3 64. Ra8 Kf6 65. Ra3 Rd4 66. Kf3 Kg5 67. Nb2 Rf4+ 0-1

[Event "NEP-ch"]
[Site "Kathmandu"]
[Date "2023.04.18"]
[Round "1"]
[White "Subedi, Rajan"]
[Black "Chaulagain, Purushottam"]
[Result "1-0"]
[WhiteElo "1935"]
[BlackElo "1982"]
[PlyCount "95"]
[EventDate "2023.04.18"]
[EventType "tourn"]
[EventRounds "9"]
[EventCountry "NEP"]
[SourceTitle "EXT 2024"]
[Source "ChessBase"]
[SourceDate "2023.10.10"]
[SourceVersion "1"]
[SourceVersionDate "2023.10.10"]
[SourceQuality "1"]

1. e4 c5 2. Nf3 d6 3. d4 cxd4 4. Nxd4 Nf6 5. Nc3 a6 6. a4 e5 7. Nf3 Be7 8. g3 Nc6 9. Bg2 Bg4 10. h3 Bxf3 11. Qxf3 Rc8 12. 0-0 0-0 13. Bg5 Nd4 14. Qd3 Qa5 15. Rfc1 Qc5 16. Be3 Bd8 17. Nd1 Qc4 18. Bxd4 Qxd4 19. Qxd4 exd4 20. e5 dxe5 21. Bxb7 Rc5 22. Bxa6 Ba5 23. c4 Ne4 24. Kg2 Bd2 25. f3 Bxc1 26. fxe4 Bd2 27. Nf2 f5 28. exf5 Ra5 29. Bb7 Rxf5 30. Nd3 Ra7 31. Bd5+ Kf8 32. b4 Bc3 33. Ra2 Rf6 34. Be4 Rfa6 35. a5 Bxb4 36. Nxb4 Rxa5 37. Rf2+ Rf7 38. Rc2 Rc7 39. Nd3 Ke7 40. Bxh7 Rca7 41. Nb4 Kd6 42. Kf3 Ra3+ 43. Nd3 Rc3 44. c5+ Kd5 45. Bg8+ Kc6 46. Rd2 Ra8 47. Bf7 Rf8 48. Ke4 1-0

[Event "Olympiad-44"]
[Site "Chennai"]
[Date "2022.08.05"]
[Round "7.1"]
[White "Tran, Thanh Tu"]
[Black "Chaulagain, Purushottam"]
[Result "1-0"]
[WhiteElo "2375"]
[BlackElo "1975"]
[PlyCount "69"]
[EventDate "2022.07.29"]
[EventType "team-swiss"]
[EventRounds "11"]
[EventCountry "IND"]
[SourceTitle "CBM 210"]
[Source "ChessBase"]
[SourceDate "2022.10.31"]
[SourceVersion "1"]
[SourceVersionDate "2022.10.31"]
[SourceQuality "1"]
[WhiteTeam "Japan"]
[BlackTeam "Nepal"]
[WhiteTeamCountry "JPN"]
[BlackTeamCountry "NEP"]

1. e4 c5 2. Nf3 d6 3. Bc4 Nc6 4. 0-0 e6 5. Re1 Be7 6. d3 Nf6 7. Bb3 0-0 8. c3 Qc7 9. h3 b5 10. Bf4 e5 11. Bg5 Be6 12. Nbd2 Nh5 13. Be3 Nf6 14. d4 Bxb3 15. Qxb3 Na5 16. Qxb5 Rab8 17. Qa4 exd4 18. cxd4 Rxb2 19. Rac1 Rfb8 20. Bf4 R8b4 21. Qa3 Qd8 22. dxc5 dxc5 23. Be5 Rxd2 24. Nxd2 Nc6 25. Bc3 Rb7 26. Nc4 Nd4 27. Qa6 Qb8 28. Bxd4 cxd4 29. Na5 Rc7 30. Nc6 Qe8 31. e5 d3 32. Nxe7+ Qxe7 33. Rxc7 d2 34. Rc8+ Ne8 35. Rd1 1-0

[Event "Liwali Bhaktapur Cup"]
[Site "Liwali"]
[Date "2021.03.15"]
[Round "4.2"]
[White "Nepali, Badrilal"]
[Black "Chaulagain, Purushottam"]
[Result "1/2-1/2"]
[WhiteElo "1986"]
[BlackElo "2039"]
[PlyCount "74"]
[EventDate "2021.03.13"]
[EventType "team-swiss"]
[EventRounds "7"]
[EventCountry "NEP"]
[SourceTitle "EXT 2022"]
[Source "ChessBase"]
[SourceDate "2021.10.06"]
[SourceVersion "1"]
[SourceVersionDate "2021.10.06"]
[SourceQuality "1"]
[WhiteTeam "Lalitpur Metropolitan City"]
[BlackTeam "Hetauda Sub Metropolitan City"]
[WhiteTeamCountry "NEP"]
[BlackTeamCountry "NEP"]

1. c4 Nf6 2. Nf3 g6 3. g3 Bg7 4. Bg2 0-0 5. 0-0 d6 6. Nc3 a6 7. Rb1 c5 8. b4 Nc6 9. b5 axb5 10. cxb5 Nd4 11. Bb2 Qa5 12. e3 Nxf3+ 13. Bxf3 e6 14. d4 cxd4 15. exd4 d5 16. a4 Bd7 17. Qd3 Rfc8 18. Rfc1 Rc4 19. Bd1 Ne8 20. Ne2 Nd6 21. Bc3 Qd8 22. Bb4 Rxc1 23. Rxc1 Nc4 24. Bb3 Bh6 25. f4 b6 26. Rc2 e5 27. dxe5 Bf5 28. Qd4 Bxc2 29. Bxc2 Rc8 30. Nc3 Bf8 31. Bxf8 Qxf8 32. Nxd5 Qc5 33. Qxc5 Rxc5 34. Nf6+ Kg7 35. Bb3 Nd2 36. Bd5 Nb1 37. a5 Rxb5 1/2-1/2

[Event "Budha Bhandari Memorial"]
[Site "Budhanilkantha"]
[Date "2019.11.09"]
[Round "1"]
[White "Takahashi, Ryunosuke"]
[Black "Chaulagain, Purushottam"]
[Result "0-1"]
[WhiteElo "1640"]
[BlackElo "2033"]
[PlyCount "118"]
[EventDate "2019.11.09"]
[EventType "swiss"]
[EventRounds "9"]
[EventCountry "NEP"]
[SourceTitle "CBM 193 Extra"]
[Source "ChessBase"]
[SourceDate "2020.01.31"]
[SourceVersion "1"]
[SourceVersionDate "2020.01.31"]
[SourceQuality "1"]

1. e4 c5 2. Nf3 d6 3. d4 cxd4 4. Nxd4 Nf6 5. Nc3 a6 6. h3 e5 7. Nde2 Be7 8. g4 Be6 9. Bg2 Nc6 10. Be3 Rc8 11. Qd2 Na5 12. b3 Qc7 13. Rc1 Nc6 14. Nd5 Bxd5 15. exd5 Nb8 16. Ng3 g6 17. c4 Nbd7 18. g5 Ng8 19. Ne4 b6 20. h4 h5 21. 0-0 Nc5 22. Bxc5 bxc5 23. f4 f5 24. gxf6 Nxf6 25. fxe5 Nxe4 26. Bxe4 dxe5 27. Bxg6+ Kd8 28. Qf2 Qd6 29. Qf7 Kc7 30. Kh1 Rcf8 31. Qe6 Bxh4 32. Rf7+ Rxf7 33. Qxf7+ Be7 34. Qe6 Rf8 35. Bf7 h4 36. Re1 Bf6 37. Rf1 Bg5 38. Rf5 Bf4 39. Rf6 Qxe6 40. dxe6 Kd6 41. Rg6 e4 42. Rg1 Bd2 43. Rg2 e3 44. Kh2 Rh8 45. Re2 h3 46. Kh1 h2 47. Rg2 Ke7 48. Re2 Rh6 49. Rg2 Bc3 50. Re2 Bd4 51. Rg2 Be5 52. Re2 Rf6 53. Re1 Rf2 54. Bh5 Rxa2 55. Bd1 Bf4 56. Bg4 Rb2 57. Bf3 Rxb3 58. Kg2 Kxe6 59. Ra1 Rb2+ 0-1

[Event "Asian Continental op 18th"]
[Site "Xingtai"]
[Date "2019.06.14"]
[Round "8"]
[White "Bai, Adelard"]
[Black "Chaulagain, Purushottam"]
[Result "1-0"]
[WhiteElo "2074"]
[BlackElo "2020"]
[PlyCount "67"]
[EventDate "2019.06.07"]
[EventType "swiss"]
[EventRounds "9"]
[EventCountry "CHN"]
[SourceTitle "CBM 190 Extra"]
[Source "ChessBase"]
[SourceDate "2019.07.15"]
[SourceVersion "1"]
[SourceVersionDate "2019.07.15"]
[SourceQuality "1"]

1. d4 Nf6 2. c4 g6 3. f3 Bg7 4. e4 d6 5. Nc3 0-0 6. Be3 Nbd7 7. Qd2 c5 8. d5 Ne5 9. Be2 a6 10. a4 Ne8 11. h3 f5 12. f4 Nf7 13. exf5 Bxf5 14. Nf3 Nf6 15. 0-0 Qb6 16. g4 Bxg4 17. hxg4 Nxg4 18. a5 Qd8 19. Kh1 Nxe3 20. Qxe3 Qc8 21. Nh2 Nh6 22. Bd3 Kh8 23. Rae1 Rf7 24. Qe6 Qc7 25. Ng4 Raf8 26. Nxh6 Bxh6 27. f5 Rf6 28. Qxe7 Qc8 29. Re6 R6f7 30. Qh4 Bg7 31. f6 Bxf6 32. Rexf6 Qd8 33. Ne4 Qe7 34. Qg5 1-0

[Event "Asian Continental op 18th"]
[Site "Xingtai"]
[Date "2019.06.09"]
[Round "3"]
[White "Wang, Shixu B"]
[Black "Chaulagain, Purushottam"]
[Result "1-0"]
[WhiteElo "2392"]
[BlackElo "2020"]
[PlyCount "57"]
[EventDate "2019.06.07"]
[EventType "swiss"]
[EventRounds "9"]
[EventCountry "CHN"]
[SourceTitle "CBM 190 Extra"]
[Source "ChessBase"]
[SourceDate "2019.07.15"]
[SourceVersion "1"]
[SourceVersionDate "2019.07.15"]
[SourceQuality "1"]

1. d4 Nf6 2. c4 g6 3. Nc3 Bg7 4. e4 d6 5. Nge2 0-0 6. Ng3 e5 7. d5 h5 8. Bg5 Qe8 9. Bd3 Nh7 10. Be3 h4 11. Nge2 h3 12. Rg1 Nf6 13. f3 hxg2 14. Rxg2 Qd7 15. Qd2 Nh5 16. 0-0-0 Qh3 17. Rdg1 a6 18. Kb1 c6 19. Ng3 Nf4 20. Bxf4 exf4 21. Qxf4 Be5 22. Qe3 Qh8 23. Nf5 Bxf5 24. exf5 Bd4 25. Rxg6+ fxg6 26. Qe6+ Rf7 27. fxg6 Kg7 28. Qxf7+ Kh6 29. g7 1-0

[Event "Kathmandu op"]
[Site "Kathmandu"]
[Date "2018.04.16"]
[Round "7"]
[White "Chaulagain, Purushottam"]
[Black "Thing, Bibek"]
[Result "0-1"]
[WhiteElo "1967"]
[BlackElo "2263"]
[PlyCount "82"]
[EventDate "2018.04.13"]
[EventType "swiss"]
[EventRounds "9"]
[EventCountry "NEP"]
[SourceTitle "CBM 183 Extra"]
[Source "ChessBase"]
[SourceDate "2018.04.19"]
[SourceVersion "1"]
[SourceVersionDate "2018.04.19"]
[SourceQuality "1"]

1. Nf3 Nf6 2. c4 e6 3. g3 d5 4. cxd5 exd5 5. Bg2 Bd6 6. 0-0 0-0 7. Nc3 h6 8. b3 Re8 9. Bb2 c6 10. d3 Bg4 11. h3 Bf5 12. Qd2 Nbd7 13. Rfe1 Ne5 14. Nd4 Bh7 15. Rad1 Qb6 16. Na4 Qa6 17. e4 Ned7 18. Nf5 Bxf5 19. exf5 b5 20. Nc3 Bb4 21. Rxe8+ Rxe8 22. a3 Bxa3 23. Ra1 b4 24. Bxa3 bxa3 25. Na4 Ne5 26. Nc5 Qb5 27. Qc3 Nfd7 28. Nxd7 Nxd7 29. Rxa3 Qb6 30. Ra2 Rb8 31. Bf1 d4 32. Qe1 Nf6 33. Qe7 Rb7 34. Qd6 Qxb3 35. Ra6 Qd1 36. Qxc6 Rb1 37. Qg2 Qxd3 38. Rxa7 Ne4 39. Ra8+ Kh7 40. Ra3 Rxf1+ 41. Qxf1 Qxa3 0-1

[Event "Universiad Men 27th"]
[Site "Kazan"]
[Date "2013.07.09"]
[Round "1"]
[White "Sarenac, Ivan"]
[Black "Chaulagain, Purushottam"]
[Result "1-0"]
[WhiteElo "2410"]
[BlackElo "1923"]
[PlyCount "73"]
[EventDate "2013.07.09"]
[EventType "swiss"]
[EventRounds "9"]
[EventCountry "RUS"]
[SourceTitle "EXT 2014"]
[Source "ChessBase"]
[SourceDate "2013.11.20"]
[SourceVersion "1"]
[SourceVersionDate "2013.11.20"]
[SourceQuality "1"]

1. e4 c5 2. Nc3 Nc6 3. Bb5 Nf6 4. Bxc6 dxc6 5. d3 Bg4 6. f3 Bd7 7. f4 Bg4 8. Qd2 h5 9. f5 h4 10. h3 Bh5 11. Qf2 c4 12. Qxh4 cxd3 13. g4 Qd4 14. gxh5 0-0-0 15. Nf3 Qb6 16. cxd3 Rxd3 17. Ne5 Rxc3 18. bxc3 Qa5 19. Bf4 Qxc3+ 20. Ke2 Rxh5 21. Qe1 Qc2+ 22. Kf3 e6 23. Rh2 Qa4 24. Nxf7 Bb4 25. Qd1 Qa3+ 26. Qb3 exf5 27. e5 Nd5 28. Qxa3 Bxa3 29. h4 Kd7 30. Rg1 Bf8 31. Rg5 Rh7 32. Rxf5 Ke6 33. Ng5+ Kxf5 34. Nxh7 Nxf4 35. Nxf8 c5 36. e6 Nd5 37. Rg2 1-0